000 00801nam a2200265Ia 4500
003 OSt
005 20221005035118.0
006 a|||||r|||| 00| 0
007 ta
008 221004b |||||||| |||| 00| 0 eng d
020 _c300
024 _a4810
037 _b8557, 25/03/2013, Bookwell Publications
_cTextual
040 _aCRL
_cCRL
_beng
041 _2eng
_aeng
082 _aV2y7J92, Q1
100 _aJaffery Nausheen
_9587969
245 0 _aJahan Ara begum
_b Biographical study 1614 - 1681
260 _aDelhi
_bIdarah i Adabiyat i Delli India
_c2011
300 _a191p.
_ccm.
490 _aIAD oriental (Original ); 48
650 _aHISTORY
942 _hV2y7J92, Q1
_cTEXL
_2cc
999 _c944595
_d944595